000 00767nam a2200217 a 4500
001 000021473
005 20200930011335.0
008 100908s1979 dr 000 0 spa d
040 _aDO-SdBNP
_bspa
_cBNPHU
082 _axxx
_bS232l
100 1 _aSantana R. Quintino
_944770
245 1 0 _aLevantamiento y clasificación de algunos suelso en la línea noroeste /
_cQuintino Santana R., Miguel Gómez M.
260 _aSanto Domingo :
_bSecretaría de Estado de Agricultura,
_c1979.
300 _a162 p. :
_bgraf., maps. ;
_c22 cm.
490 1 _aDocumento Técnico
_vno. 1
500 _aIncluye anexos
504 _aIncluye referencias bibliográficas ( p. 149-151)
700 1 _aGómez M., Miguel
_944771
830 0 _aDocumento Técnico
_n1
_944772
049 _aBNPD
999 _c20973
_d20973